BAILEY & SCOTT'S DIAGNOSTIC MICROBIOLOGY (Record no. 22645)

MARC details
000 -LEADER
fixed length control field 00423nam a22001697a 4500
003 - CONTROL NUMBER IDENTIFIER
control field SGT
020 ## - INTERNATIONAL STANDARD BOOK NUMBER
International Standard Book Number 9780323681056
082 ## - DEWEY DECIMAL CLASSIFICATION NUMBER
Classification number 616.01
Item number B22T
100 ## - MAIN ENTRY--PERSONAL NAME
Personal name TILLE, PATRICIA M.
245 ## - TITLE STATEMENT
Title BAILEY & SCOTT'S DIAGNOSTIC MICROBIOLOGY
250 ## - EDITION STATEMENT
Edition statement 15TH
260 ## - PUBLICATION, DISTRIBUTION, ETC. (IMPRINT)
Place of publication, distribution, etc MISSOURI
Name of publisher, distributor, etc ELSEVIER PUB
Year of Publication 2022
300 ## - PAGE DESCRIPTION
No. of Pages 1168
650 ## - SUBJECT ADDED ENTRY--TOPICAL TERM
Topical term or geographic name as entry element MICROBIOLOGY
653 ## - KEYWORDS--INDEX TERM
Keyword term BAILEY & SCOTT'S DIAGNOSTIC MICROBIOLOGY
942 ## - ADDED ENTRY ELEMENTS (KOHA)
Source of classification or shelving scheme Dewey Decimal Classification
Koha item type Books
Holdings
Withdrawn status Lost status Source of classification or shelving scheme Damaged status Not for loan Collection code Home library Current library Shelving location Date acquired Vendor Name Cost, normal purchase price SGTU Bill Number Total Checkouts Full call number Accession No. (Barcode) Date last seen Bill Date Koha item type
    Dewey Decimal Classification   Not For Loan MEDICAL SGT Medical Library SGT Medical Library Reference Book 19/04/2022 ABC DELHI 10915.00 SGTU 13828   616.01 B22T FM12991 19/04/2022 03/02/2022 Books